Wales

Saved in:
Bibliographic Details
Main Author: Emery, Frank
Format: Book
Language:English
Published: Harlow, Longmans, 1969.
Series:The World's landscapes 2
Subjects:
LEADER 00918nam a2200277 4500
001 c000352222
003 CARM
005 00000000000000.0
008 700921s1969 enkab b 00110 eng
015 |a B70-00728 
019 1 |a 226127  |z 45082584  |5 LACONCORD2021 
020 |a 058231156X 
035 |a (OCoLC)97010  |5 LACONCORD2021 
043 |a e-uk-wl 
050 0 0 |a DA731  |b .E55 
100 1 |a Emery, Frank. 
245 0 0 |a Wales  |c [by] F. V. Emery. 
260 |a Harlow,  |b Longmans,  |c 1969. 
300 |a xv, 136 p.  |b illus., maps.  |c 22 cm. 
490 0 |a The World's landscapes  |v 2 
504 |a Bibliography: p. 125-129. 
651 0 |a Wales  |x Description and travel 
852 8 |b CARM  |h A1:AL26B0  |i B10083  |p 0448584  |f BK 
082 0 4 |a 914.29 
999 f f |i d1a73c29-0fa2-5a02-9436-973abd6c355f  |s b69702a3-f8c9-5fd9-9427-18ba7344ed3a 
952 f f |p Can circulate  |a CAVAL  |b CAVAL  |c CAVAL  |d CARM 1 Store  |e B10083  |f A1:AL26B0  |h Other scheme  |i book  |m 0448584